Best University by Subject Quiz - Statistics

General Stats
  • This quiz has been taken 662 times
  • The average score is 8 of 12
Answer Stats
Subject University % Correct
Life Sciences and Medicine Harvard
85%
Law Harvard
83%
Computer Science MIT
74%
Mathematics MIT
72%
Physics and Astronomy MIT
67%
Chemistry MIT
64%
Modern Languages Harvard
59%
Sociology Harvard
56%
Economics and Econometrics MIT
55%
Geography Oxford
49%
English Language and Literature Cambridge
46%
Philosophy Oxford
46%
No matching quizzes found
Score Distribution
Percent of People with Each Score
Percentile by Number Answered
Your Score History
You have not taken this quiz